Evaluación del efecto de la temperatura, concentración y flujo volumétrico en la reacción de hidrólisis de sacarosa por medio de la enzima invertasa inmovilizada, en un reactor esférico
محفوظ في:
| المؤلف الرئيسي: | |
|---|---|
| التنسيق: | كتاب |
| منشور في: |
San José, Costa Rica
2009
|
| الموضوعات: | |
| الوسوم: |
إضافة وسم
لا توجد وسوم, كن أول من يضع وسما على هذه التسجيلة!
|
MARC
| LEADER | 00000nam a2200000Ia 4500 | ||
|---|---|---|---|
| 003 | 001305 | ||
| 005 | 20221231144051.0 | ||
| 008 | 140114s2009 cr a 000 | s d | ||
| 040 | |c cru CEDI | ||
| 090 | |a TFG 5828 | ||
| 100 | |a Zamora Leitón, María Monserrath |9 3916 | ||
| 245 | |a Evaluación del efecto de la temperatura, concentración y flujo volumétrico en la reacción de hidrólisis de sacarosa por medio de la enzima invertasa inmovilizada, en un reactor esférico | ||
| 260 | |c 2009 |b San José, Costa Rica | ||
| 300 | |a xv, 88 hojas; ilustraciones (algunas a color) | ||
| 500 | |a Proyecto de graduación (licenciatura en ingeniería química)--Universidad de Costa Rica. Facultad de Ingeniería. Escuela de Ingeniería Química | ||
| 650 | |x SACAROSA |x ANALISIS |x HIDROLISIS |x HIDROLISIS ENZIMATICA |x PRUEBAS QUIMICAS |x ENZIMAS INMOVILIZADAS |9 3917 | ||
| 942 | |c TFG | ||
| 999 | |c 16407 |d 16407 | ||
